banner-ar

مخترعون يزاولون اعمالهم مقابلات مع 16 مخترع ارتلى مشهور / (Record no. 41901)

MARC details
000 -الفاتح
حقل البيانات ثابتة الطول 00705nam a2200217Ia 4500
008 - عناصر البيانات ثابتة الطول - معلومات عامة
حقل البيانات ثابتة الطول 140319s9999 xx 000 0 ara d
040 ## - مصدر الفهرسة
وكالة الفهرسة الأصلية GCL /
وكالة النسخ GCL
082 04 - رقم تصنيف ديوى العشرى
رقم التصنيف 920.0972
رقم المادة ب م
100 1# - المدخل الرئيسى - إسم شخصى
الإسم الشخصى كينت ا دراوت
245 10 - بيان العنوان
العنوان مخترعون يزاولون اعمالهم مقابلات مع 16 مخترع ارتلى مشهور /
بيان المسئوليه,etc كينت ا دراوت
700 1# - المدخل الاضافى - اسم شخصى
الإسم الشخصى لوس عليان (مترجم)
260 ## - PUBLICATION, DISTRIBUTION, ETC. (IMPRINT)
تاريخ النشر أو التوزيع 1989
300 ## - الوصف المادى
التعداد 326 ص
490 ## - بيان السلسلة
عنوان السلسلة
650 04 - المدخل الاضافى بالموضوع-مصطلح موضوعى
مصطلح موضوعي العلم الحديث
650 04 - المدخل الاضافى بالموضوع-مصطلح موضوعى
مصطلح موضوعي العلم والعلماء
650 04 - المدخل الاضافى بالموضوع-مصطلح موضوعى
مصطلح موضوعي الاكتشافات
650 04 - المدخل الاضافى بالموضوع-مصطلح موضوعى
مصطلح موضوعي المخترعون
942 ## - عناصر المدخل الإضافي( كوها)
مصدر التصنيف او مخطط الترفيف Dewey Decimal Classification
Koha [default] item type كتاب
260 ## - PUBLICATION, DISTRIBUTION, ETC. (IMPRINT)
-- [S.N] :
-- مركز الكتب الاردنى ،
Holdings
حالة التراجع حالة الفقد حالة تلف ليس للاعارة المكان المؤقت الموقع الحالى تاريخ الاكتساب اجمالي اﻻعارات رقم الطلب الباركود تاريخ اخر مشاهدة تاريخ تفعيل السعر نوع وعاء كوها
        مكتبة القاهرة الكبرى مكتبة القاهرة الكبرى 03/26/2014   920.0972\ ب م 101186 03/26/2014 03/26/2014 كتاب
        مكتبة القاهرة الكبرى مكتبة القاهرة الكبرى 03/26/2014   920.0972\ ب م 101187 03/26/2014 03/26/2014 كتاب

Powered By

EGPV